000 01614cam a2200385 i 4500
001 18420990
003 ARRUPE
005 20221129092943.0
008 141229s2015 nyua b 001 0 eng
010 _a 2014045381
020 _a9780823266081 (cloth : alk. paper)
020 _a9780823266098 (pbk. : alk. paper)
028 _bArrupe
040 _aDLC
_beng
_cDLC
_erda
_dDLC
042 _apcc
043 _af-ae---
050 0 0 _aCT2628.F35
_bG67 2015
082 0 0 _a616.890092
_aB
_223
100 1 _aGordon, Lewis R.
_q(Lewis Ricardo),
_d1962-
_eauthor.
_96535
245 1 0 _aWhat Fanon said :
_ba philosophical introduction to his life and thought /
_cLewis R. Gordon.
250 _aFirst edition.
300 _axix, 191 pages :
_billustrations ;
_c23 cm.
490 0 _aJust ideas
504 _aIncludes bibliographical references and index.
505 0 _aOn what a great thinker said -- I am from Martinique -- Writing through the zone of nonbeing -- Living experience, embodying possibility -- Revolutionary therapy -- Counseling the damned -- Requiem for the messenger.
600 1 0 _aFanon, Frantz,
_d1925-1961.
_926769
600 1 0 _aFanon, Frantz,
_d1925-1961
_xPhilosophy.
_952051
650 0 _aIntellectuals
_zAlgeria
_vBiography.
_952052
650 0 _aRevolutionaries
_zAlgeria
_vBiography.
_952053
650 0 _aPsychiatrists
_zAlgeria
_vBiography.
_952054
651 0 _aAlgeria
_vBiography.
_952055
906 _a7
_bcbc
_corignew
_d1
_eecip
_f20
_gy-gencatlg
942 _2lcc
_cMONOGRAPH
999 _c131589
_d131589